00474nam a2200145 i 450000100060000000300090000600500170001500700030003200800410003510000280007624501300010426000500023430000210028485200230030538442ES-MaACL20230906155746.0t|030225s1935 sp ||||1| spa d1 aCabo Pastor, Francisco.10aTertulia de rebotica b: para solar de médicos, farmaceúticos y sus derivados sucedáneos / cpor Francisco Cabo Pastor. aMadrid : b[s.n., c1935] (fImp. Juan Bravo) a18 p. ; c18 cm. aES-MaACLj1827-F-1